Subsurface structural evolution and wear lip formation on copper single crystals under unlubricated sliding conditions; Wear; Vol. 410-411

Detalles Bibliográficos
Parent link:Wear
Vol. 410-411.— 2018.— [P. 210-221]
Autor Corporativo: Национальный исследовательский Томский политехнический университет Инженерная школа новых производственных технологий Отделение материаловедения
Outros autores: Tarasov S. Yu. Sergei Yulievich, Chumaevsky A. V. Andrey Valerjevich, Lychagin D. V. Dmitry Vasilievich, Nikonov A. Yu. Anton Yurjevich, Dmitriev A. I. Andrey Ivanovich
Summary:Title screen
The crystalline lattice reorientation in copper single crystals resulted from friction-induced subsurface deformation has been studied by means of electron back scattering diffraction as well as optical microscopy. The results have been compared to those obtained earlier in uniaxial compression. The copper single crystals oriented by their normal load forces either along [110] or [] have been subjected to sliding tests during which the friction force direction was varied to assess the friction force orientation dependence on the crystalline lattice reorientation and segmentation. The results of dry sliding tests showed that the plastic deformation in copper single crystals depended on the crystal's orientation with respect to both normal and friction forces. Crystalline lattice reorientation in wear lip formation has been studied including reorientation by ridge-kink formations.
Режим доступа: по договору с организацией-держателем ресурса
Idioma:inglés
Publicado: 2018
Subjects:
Acceso en liña:https://doi.org/10.1016/j.wear.2018.07.004
Formato: Electrónico Capítulo de libro
KOHA link:https://koha.lib.tpu.ru/cgi-bin/koha/opac-detail.pl?biblionumber=661461

MARC

LEADER 00000naa0a2200000 4500
001 661461
005 20250416133432.0
035 |a (RuTPU)RU\TPU\network\32057 
035 |a RU\TPU\network\29237 
090 |a 661461 
100 |a 20191226d2018 k||y0rusy50 ba 
101 1 |a eng 
102 |a NL 
135 |a arcn ---uucaa 
181 0 |a i  
182 0 |a b 
200 1 |a Subsurface structural evolution and wear lip formation on copper single crystals under unlubricated sliding conditions  |f S. Yu. Tarasov [et al.] 
203 |a Text  |c electronic 
300 |a Title screen 
320 |a [References: 11 tit.] 
330 |a The crystalline lattice reorientation in copper single crystals resulted from friction-induced subsurface deformation has been studied by means of electron back scattering diffraction as well as optical microscopy. The results have been compared to those obtained earlier in uniaxial compression. The copper single crystals oriented by their normal load forces either along [110] or [] have been subjected to sliding tests during which the friction force direction was varied to assess the friction force orientation dependence on the crystalline lattice reorientation and segmentation. The results of dry sliding tests showed that the plastic deformation in copper single crystals depended on the crystal's orientation with respect to both normal and friction forces. Crystalline lattice reorientation in wear lip formation has been studied including reorientation by ridge-kink formations. 
333 |a Режим доступа: по договору с организацией-держателем ресурса 
461 |t Wear 
463 |t Vol. 410-411  |v [P. 210-221]  |d 2018 
610 1 |a труды учёных ТПУ 
610 1 |a электронный ресурс 
610 1 |a plastic deformation 
610 1 |a single crystal 
610 1 |a wear lip 
610 1 |a subsurface layer 
610 1 |a crystalline lattice orientation 
610 1 |a пластическая деформация 
610 1 |a монокристаллы 
610 1 |a износ 
610 1 |a приповерхностные слои 
610 1 |a кристаллические решетки 
701 1 |a Tarasov  |b S. Yu.  |c specialist in the field of mechanical engineering  |c Professor of Tomsk Polytechnic University, Doctor of technical sciences  |f 1959-  |g Sergei Yulievich  |3 (RuTPU)RU\TPU\pers\31400  |9 15572 
701 1 |a Chumaevsky  |b A. V.  |g Andrey Valerjevich 
701 1 |a Lychagin  |b D. V.  |c specialist in the field of mechanical engineering  |c Professor of Yurga technological Institute of Tomsk Polytechnic University, Doctor of physical and mathematical sciences  |f 1957-  |g Dmitry Vasilievich  |3 (RuTPU)RU\TPU\pers\31402 
701 1 |a Nikonov  |b A. Yu.  |g Anton Yurjevich 
701 1 |a Dmitriev  |b A. I.  |g Andrey Ivanovich 
712 0 2 |a Национальный исследовательский Томский политехнический университет  |b Инженерная школа новых производственных технологий  |b Отделение материаловедения  |3 (RuTPU)RU\TPU\col\23508 
801 2 |a RU  |b 63413507  |c 20191226  |g RCR 
850 |a 63413507 
856 4 |u https://doi.org/10.1016/j.wear.2018.07.004 
942 |c CF